| 000 | 00728nas a2200229 4500 | ||
|---|---|---|---|
| 001 | BR9208195 | ||
| 003 | BR-BrBNA | ||
| 005 | 20231205093100.0 | ||
| 007 | ta | ||
| 008 | 230509b bl.|||p| |||| 00| 00por d | ||
| 040 |
_aBR-BrBNA _bpor _cBiblioteca Nacional de Agricultura |
||
| 041 | _a(Pt) | ||
| 072 | _aL73 | ||
| 100 | 1 | _aBruno, T.V. | |
| 100 | 1 | _aRodrigues, C.J. | |
| 245 | 1 | _aNota sobre a ocorrencia do Sacorcystis muris (Blanchad, 1885)(Protozoa: Sporozoa)em camundongos hidricos (NZB/NZW)F1, no Brasil | |
| 650 | _aCAMUNDONGO | ||
| 650 | _aCOCCIDEO | ||
| 773 | 0 |
_tBiologico (Brazil) _xISSN 0366-0567 _g(May 1985), v. 51(5) p. 129-130 _wBR9208195 |
|
| 909 |
_a202311 _bLúcia _c55 _dLúcia Elande |
||
| 942 |
_2AGRIS _n0 _cANA |
||
| 999 |
_c136137 _d136137 |
||